00327nam a2200133Ia 4500003000400000008004100004020002300045040000800068100002300076245004400099260002400143300001400167365001200181LDD181029s9999 xx 000 0 und d a860915468cP 12.00 cLDD aAnderson, Benedict 0aImagined communitiescBenedict Anderson aLondonbVersoc1991 axv, 224p. bP 12.00